000 00764nmc a2200277 a 4500
003 AR-BaBNM
005 20251128211454.0
008 144020s1993 ||||||||||||||000 | spa||
020 _a950-724-387-9
040 _cAR-BaBNM
100 1 _aDolby, Karen
245 1 0 _aPeligro en la caleta de los demonios
260 _aBuenos Aires
_bLumen
_c1993
300 _a48 p.
490 0 _aColección Puzzles-Lumen-Aventuras
650 4 _aCUENTOS DE AVENTURAS
650 4 _aLITERATURA INFANTIL
650 4 _aACTIVIDADES DE APRENDIZAJE
653 _aLITERATURA JUVENIL
655 _aLITERATURA
700 1 _aRound, Graham
_eilustrador
700 1 _aLarese Roja, Martha B.
_etraductor
700 1 _aRobertson, Brian
_ediseño
942 _cBK
998 _cmartin
999 _c19789
_d19789